La pensin̤ de viudedad

Detalles Bibliográficos
Autor principal: Cabeza Pereiro, Jaime
Formato: Desconocido
Lenguaje:español
Publicado: Madrid : Boletin Oficial del Estado, 2004
Materias:
Acceso en línea:Acceso restringido

MARC

LEADER 00000ny a22000003n 4500
005 20110524130825.0
008 040629s2004 sp s 000 0 spa c
020 |a 8434015250 
035 |a 1791 
040 |a BUS  |d vLex 
040 |a UMA.RE  |d vLex 
080 |a 369.6(460) 
090 |c 220  |d 220 
100 1 |a Cabeza Pereiro, Jaime 
245 1 3 |a La pensin̤ de viudedad  |h [Recurso electrn̤ico]  |c Jaime Cabeza Pereiro 
256 |a Servicio en ln̕ea 
260 |a Madrid :  |b Boletin Oficial del Estado,  |c 2004 
300 |a 101 p. ;  |c 20 cm 
506 1 |a Contenido solo disponible en los productos indicados  |d vLex Global  |d vLex Global (Academic Edition, excluding Law Schools)  |d vLex Global (U.S. Academic Edition, Law Schools)  |d vLex Global (U.S. Academic Edition, excluding Law Schools)  |d vLex Global (Academic Edition, Law Schools) 
650 0 7 |a Viudedad  |2 Tesauro vLex 
650 0 7 |a Seguridad social  |2 Tesauro vLex 
650 0 7 |a Pensin̤ de viudedad  |2 Tesauro vLex 
740 0 |a vLex Libros (Servicios en ln̕ea) 
856 4 0 |u http://vlex.com/source/1791  |z Acceso restringido 
942 |c BOOK 
999 0 |a Widowhood  |b Madrid